000 00512nam a2200181Ia 4500
003 LDD
008 181101s9999 xx 000 0 und d
020 _a9789380934488
_c140.00
040 _cLDD
100 _aFatehpuri, Farman
245 0 _aUrdu ki behtreen manaviyaan
_cFarman Fatehpuri
260 _aNew Delhi
_bM.R. Publications
_c2014
300 _a168p.
901 _a15920
_b17-03-2017
902 _a2840
_b17-03-2017
_cF
_dPIBD
_e8U
903 _a20
_bReqst by : Mohd. Akbar
942 _2ddc
_cUR
999 _c102
_d102